Online
Catalog

Obras completas / (Record no. 10309)

MARC details
000 -CABECERA
campo de control de longitud fija 02070cam a2200493 a 4500
001 - NÚMERO DE CONTROL
campo de control 000010551
005 - FECHA Y HORA DE LA ÚLTIMA TRANSACCIÓN
campo de control 20240306073909.0
008 - DATOS DE LONGITUD FIJA--INFORMACIÓN GENERAL
campo de control de longitud fija 080119k20002003cu ac b 001 0 spa d
020 ## - NÚMERO INTERNACIONAL ESTÁNDAR DEL LIBRO
Número Internacional Estándar del Libro 9597006081 (obra completa)
020 ## - NÚMERO INTERNACIONAL ESTÁNDAR DEL LIBRO
Número Internacional Estándar del Libro 9597006170 (t. 1)
020 ## - NÚMERO INTERNACIONAL ESTÁNDAR DEL LIBRO
Número Internacional Estándar del Libro 9597006235 (t. 2)
020 ## - NÚMERO INTERNACIONAL ESTÁNDAR DEL LIBRO
Número Internacional Estándar del Libro 9597006243 (t. 3)
020 ## - NÚMERO INTERNACIONAL ESTÁNDAR DEL LIBRO
Número Internacional Estándar del Libro 9597006367 (t. 4)
020 ## - NÚMERO INTERNACIONAL ESTÁNDAR DEL LIBRO
Número Internacional Estándar del Libro 9597006375 (t. 5)
020 ## - NÚMERO INTERNACIONAL ESTÁNDAR DEL LIBRO
Número Internacional Estándar del Libro 9597006383 (t. 6)
020 ## - NÚMERO INTERNACIONAL ESTÁNDAR DEL LIBRO
Número Internacional Estándar del Libro 9597006391 (t. 7)
020 ## - NÚMERO INTERNACIONAL ESTÁNDAR DEL LIBRO
Número Internacional Estándar del Libro 9597006634 (t. 8)
035 ## - NÚMERO DE CONTROL DEL SISTEMA
Número de control de sistema (DLC)15201379
035 ## - NÚMERO DE CONTROL DEL SISTEMA
Número de control de sistema (DLC)2008375802
035 ## - NÚMERO DE CONTROL DEL SISTEMA
Número de control de sistema (OCoLC)ocm48767846
040 ## - FUENTE DE LA CATALOGACIÓN
Centro catalogador/agencia de origen DO-SdBNP
Centro/agencia transcriptor UIU
Centro/agencia modificador FUG
-- OCLCQ
-- YDXCP
-- OCLCG
-- DLC
-- BNPHU
082 ## - NÚMERO DE LA CLASIFICACIÓN DECIMAL DEWEY
Número de clasificación Cu868.99231
Número de documento/Ítem M378ób
049 ## - FONDOS LOCALES (OCLC)
Fondos de biblioteca BNGR
100 1# - ENTRADA PRINCIPAL--NOMBRE DE PERSONA
Nombre de persona Martí, José,
Fechas asociadas al nombre 1853-1895
9 (RLIN) 645
245 10 - MENCIÓN DE TÍTULO
Título Obras completas /
Mención de responsabilidad, etc. José Martí ; edición de Ana Julia Faya, Ela López Ugarte, Hortensia Roselló Rosés, [et..al].
250 ## - MENCIÓN DE EDICIÓN
Mención de edición Edición crítica
260 ## - PUBLICACIÓN, DISTRIBUCIÓN, ETC.
Lugar de publicación, distribución, etc. La Habana :
Nombre del editor, distribuidor, etc. Centro de Estudios Martianos,
Fecha de publicación, distribución, etc. 2000.
300 ## - DESCRIPCIÓN FÍSICA
Extensión 8 v. :
Otras características físicas il., port. ;
Dimensiones 22 cm.
505 0# - NOTA DE CONTENIDO CON FORMATO
Información miscelánea T.1.
Título 1862-1876, Cuba, España y México. --
Información miscelánea T.2.
Título 1875-1876, México.--
Información miscelánea T.3.
Título 1875-1876, Mexico.--
Información miscelánea T.4.
Título 1875-1876, México.--
Información miscelánea T.5.
Título 1877-1878, México, Cuba y Guatemala.--
Información miscelánea T.6.
Título 1878-1880, Cuba y Estados Unidos.--
Información miscelánea T.7.
Título 1880-1881, Estados Unidos.--
Información miscelánea T.8.
Título 1881-1882, Venezuela y Estados Unidos.
600 14 - PUNTO DE ACCESO ADICIONAL DE MATERIA--NOMBRE DE PERSONA
Nombre de persona MARTÍ, JOSÉ,
Fechas asociadas al nombre 1853-1895
Subdivisión general COLECCIONES DE ESCRITOS
9 (RLIN) 25591
600 14 - PUNTO DE ACCESO ADICIONAL DE MATERIA--NOMBRE DE PERSONA
Nombre de persona MARTÍ PÉREZ, JOSÉ JULIÁN,
Fechas asociadas al nombre 1853-1895
Subdivisión general COLECCIONES DE ESCRITOS
9 (RLIN) 25592
650 #4 - PUNTO DE ACCESO ADICIONAL DE MATERIA--TÉRMINO DE MATERIA
Término de materia o nombre geográfico como elemento de entrada Cuba
Subdivisión general Historia revolución
9 (RLIN) 25593
650 #4 - PUNTO DE ACCESO ADICIONAL DE MATERIA--TÉRMINO DE MATERIA
Término de materia o nombre geográfico como elemento de entrada Cuba
Subdivisión general Historia
Subdivisión cronológica 1878-1895
9 (RLIN) 25594
650 #4 - PUNTO DE ACCESO ADICIONAL DE MATERIA--TÉRMINO DE MATERIA
Término de materia o nombre geográfico como elemento de entrada Literatura cubana
9 (RLIN) 1483
700 1# - PUNTO DE ACCESO ADICIONAL--NOMBRE DE PERSONA
Nombre de persona Faya, Ana Julia,
Término indicativo de función/relación ed.
9 (RLIN) 25595
700 1# - PUNTO DE ACCESO ADICIONAL--NOMBRE DE PERSONA
Nombre de persona López Ugarte, Ela,
Término indicativo de función/relación ed.
9 (RLIN) 8795
700 1# - PUNTO DE ACCESO ADICIONAL--NOMBRE DE PERSONA
Nombre de persona Roselló Rosé, Hortensia,
Término indicativo de función/relación ed.
9 (RLIN) 25596
700 1# - PUNTO DE ACCESO ADICIONAL--NOMBRE DE PERSONA
Nombre de persona Matilde Fernández, Aida,
Término indicativo de función/relación ed.
9 (RLIN) 25597
700 1# - PUNTO DE ACCESO ADICIONAL--NOMBRE DE PERSONA
Nombre de persona Pérez Rubio, Dania,
Término indicativo de función/relación ed.
9 (RLIN) 5482
700 1# - PUNTO DE ACCESO ADICIONAL--NOMBRE DE PERSONA
Nombre de persona Yadira Álvarez López,
Término indicativo de función/relación ed.
9 (RLIN) 25598
710 1# - PUNTO DE ACCESO ADICIONAL--NOMBRE DE ENTIDAD CORPORATIVA
Nombre de entidad corporativa o nombre de jurisdicción como elemento de entrada Centro de Estudios Martianos (1977- )
9 (RLIN) 25599
910 ## - DATOS DE OPCIÓN DEL USUARIO (OCLC)
Datos de opción del usuario Catalogación por copia / LC
910 ## - DATOS DE OPCIÓN DEL USUARIO (OCLC)
Datos de opción del usuario WM
Holdings
Estado de retiro Estado de pérdida Restricciones de uso No para préstamo Código de colección Localización permanente Ubicación/localización actual Ubicación en estantería Fecha de adquisición Número de inventario Total de préstamos Signatura topográfica completa Código de barras Fecha visto por última vez Precio válido a partir de Tipo de ítem Koha
    Préstamo interno   Monografías: Libros y Folletos General General Depósito 07.10.2009 LF1   Cu868.99231 M378ób | v.1 10551-10 25.06.2020 25.06.2020 Préstamo interno
    Préstamo interno   Monografías: Libros y Folletos General General Depósito 07.10.2009 LF1   Cu868.99231 M378ób | v.2 10551-20 25.06.2020 25.06.2020 Préstamo interno
    Préstamo interno   Monografías: Libros y Folletos General General Depósito 07.10.2009 LF1   Cu868.99231 M378ób | v.3 10551-30 25.06.2020 25.06.2020 Préstamo interno
    Préstamo interno   Monografías: Libros y Folletos General General Depósito 07.10.2009 LF1   Cu868.99231 M378ób | v.4 10551-40 25.06.2020 25.06.2020 Préstamo interno
    Préstamo interno   Monografías: Libros y Folletos General General Depósito 07.10.2009 LF1   Cu868.99231 M378ób | v.5 10551-50 25.06.2020 25.06.2020 Préstamo interno
    Préstamo interno   Monografías: Libros y Folletos General General Depósito 07.10.2009 LF1   Cu868.99231 M378ób | v.6 10551-60 25.06.2020 25.06.2020 Préstamo interno
    Préstamo interno   Monografías: Libros y Folletos General General Depósito 07.10.2009 LF1   Cu868.99231 M378ób | v.7 10551-70 25.06.2020 25.06.2020 Préstamo interno
    Préstamo interno   Monografías: Libros y Folletos General General Depósito 07.10.2009 LF1   Cu868.99231 M378ób | v.8 10551-80 25.06.2020 25.06.2020 Préstamo interno

Powered by Koha